FAO animal production and health paper N.74 Small ruminants in the Near East: Vol.3: North America

Spremljeno u:
Bibliografski detalji
Glavni autor: FAO
Format: Knjiga
Jezik:Undetermined
Izdano: Rome FAO 1989
Teme:
Oznake: Dodaj oznaku
Bez oznaka, Budi prvi tko označuje ovaj zapis!
Thư viện lưu trữ: Trung tâm Học liệu Trường Đại học Cần Thơ
LEADER 00556nam a2200193Ia 4500
001 CTU_3988
008 210402s9999 xx 000 0 und d
082 |a 636 
082 |b F218/N.74 
100 |a FAO 
245 0 |a FAO animal production and health paper N.74 
245 0 |b Small ruminants in the Near East: Vol.3: North America 
245 0 |c FAO 
260 |a Rome 
260 |b FAO 
260 |c 1989 
650 |a animal industry,ruminantia 
904 |i Nguyễm Quang Điền, 960530 
980 |a Trung tâm Học liệu Trường Đại học Cần Thơ